000 00816nam a2200241 i 4500
001 bg
245 0 0 _aSynteza układów cyfrowych :
_bpraca zbiorowa /
_cpod red. Tadeusza Łuby ; [aut.] Tadeusz Łuba [et al.].
260 _aWarszawa :
_bWydawnictwa Komunikacji i Łączności,
_c2003.
300 _a296 s. :
_bil. ;
_c25 cm.
504 _aBibliogr. przy rozdz. Indeks.
650 9 _aUkłady cyfrowe
650 9 _aUkłady logiczne
655 _aPodręczniki akademickie
700 1 _aŁUBA, Tadeusz.
_eRed.
020 _a8320614945
040 _cBPK
041 0 _apol
080 _a004.31:621.3](075.8)
920 _a83-206-1494-5
942 _cKS
008 s pl f |000 0 pol
999 _c45122
_d45122
856 _uhttp://koha.tu.koszalin.pl/cgi-bin/koha/opac-detail.pl?biblionumber=45122
_yKatalog online BPK